|
|
|
|
| LEADER |
00000nam0a2200000 4500 |
| 001 |
215085 |
| 005 |
20231101225937.0 |
| 010 |
|
|
|a 9785160050287
|
| 035 |
|
|
|a (RuTPU)RU\TPU\book\234981
|
| 090 |
|
|
|a 215085
|
| 100 |
|
|
|a 20120503d2012 m y0rusy50 ca
|
| 101 |
0 |
|
|a rus
|
| 102 |
|
|
|a RU
|
| 105 |
|
|
|a a j 001zy
|
| 200 |
1 |
|
|a Стратегический менеджмент
|e учебник для вузов
|f Н. А. Казакова [и др.]
|
| 210 |
|
|
|a Москва
|c Инфра-М
|d 2012
|
| 215 |
|
|
|a 319 с.
|c ил.
|
| 225 |
1 |
|
|a Высшее образование
|
| 320 |
|
|
|a Библиография в конце разделов.
|
| 330 |
|
|
|a Учебник посвящен вопросам стратегического управления организацией. Рассматривается сущность и технология процесса стратегического управления, методические подходы к выбору и доводке стратегии. Особое внимание уделяется современным методам стратегического анализа внешней и внутренней среды организации, практическому применению различных инструментальных средств, функциям и методам контроллинга в стратегическом управлении бизнесом. Издание включает программу учебной дисциплины «Стратегический менеджмент», теоретический материал, практические задания, вопросы для обсуждения на семинарах, тесты, глоссарий, а также программу для проведения электронных занятий и контроля знаний. Соответствует требованиям Федерального государственного образовательного стандарта высшего профессионального образования третьего поколения (ФГОС ВПО). Предназначен для студентов вузов, обучающихся по экономическим и управленческим направлениям, аспирантов, магистрантов, преподавателей, а также профессиональных менеджеров и консультантов по стратегическому управлению бизнесом.
|
| 606 |
1 |
|
|a Стратегический менеджмент
|2 stltpush
|3 (RuTPU)RU\TPU\subj\66055
|9 82290
|
| 610 |
1 |
|
|a стратегическое управление
|
| 610 |
1 |
|
|a методика
|
| 610 |
1 |
|
|a методология
|
| 610 |
1 |
|
|a стратегии
|
| 610 |
1 |
|
|a стратегические ситуации
|
| 610 |
1 |
|
|a стратегическое позиционирование
|
| 610 |
1 |
|
|a стратегические изменения
|
| 610 |
1 |
|
|a контроллинг
|
| 610 |
1 |
|
|a корпоративная культура
|
| 610 |
1 |
|
|a риски
|
| 610 |
1 |
|
|a оценка
|
| 610 |
1 |
|
|a снижение
|
| 610 |
1 |
|
|a бизнес-процессы
|
| 610 |
1 |
|
|a системный подход
|
| 610 |
1 |
|
|a тесты
|
| 610 |
1 |
|
|a учебники
|
| 686 |
|
|
|a У9(2)212я73
|v LBC/SL-A
|2 rubbk
|
| 701 |
|
1 |
|a Казакова
|b Н. А.
|
| 701 |
|
1 |
|a Александрова
|b А. В.
|
| 701 |
|
1 |
|a Кондрашева
|b Н. Н.
|
| 701 |
|
1 |
|a Курашова
|b С. А.
|
| 702 |
|
1 |
|a Казакова
|b Н. А.
|4 340
|
| 801 |
|
1 |
|a RU
|b 63413507
|c 20120503
|
| 801 |
|
2 |
|a RU
|b 63413507
|c 20150515
|g RCR
|
| 900 |
|
|
|a Стратегический менеджмент
|
| 942 |
|
|
|c BK
|
| 951 |
|
|
|b 080200
|
| 959 |
|
|
|a 69/20120502
|d 2
|e 299,90
|f ЧЗГЛ:1
|f АНЛ:1
|